Money and banking in Malaysia

Bibliographic Details
Format: Book
Published: Kuala Lumpur : Bank Negara Malaysia , 1984
Subjects:

MARC

LEADER 00000cam a2200000 7i4500
001 0000000014
005 20050622.0
040 |a INS 
090 0 0 |a HG3300.6.A6   |b B36 1984 
245 1 0 |a Money and banking in Malaysia   |c Jabatan Ekonomi, Bank Negara Malaysia 
260 |a Kuala Lumpur :   |b Bank Negara Malaysia ,   |c 1984 
650 0 0 |a Bank and banking   |z Malaysia 
650 0 0 |a Money   |z Malaysia 
999 |a 0000003308   |b BOOK   |c Open Shelf   |e Default branch 
999 |a 0000023917   |b BOOK   |c Open Shelf   |e Default branch